| 000 | 00694na a2200241 4500 | ||
|---|---|---|---|
| 001 | 22394 | ||
| 003 | MIRAKIL | ||
| 005 | 20181213155137.0 | ||
| 008 | 170213b tu 000 0 | ||
| 035 | _a22394 | ||
| 040 |
_aMilas _btur _cTR-AnCHP |
||
| 041 | _atur | ||
| 082 |
_a337.142 _bA86 1998 |
||
| 090 | _a337.142 A86 1998 | ||
| 245 |
_aAvrupa Birliği'nin Akdeniz politikası ve Türkiye _cEkonomi Forumu |
||
| 260 |
_aİstanbul _bFES _c1998 |
||
| 300 |
_a62 s. _c24 sm. |
||
| 610 |
_aAvrupa Birliği _xPolitikalar _zTürkiye |
||
| 650 |
_aEkonomi politikaları _xAB _zTürkiye |
||
| 651 |
_aAkdeniz Bölgesi _xAB politikaları |
||
| 830 | _aFriedrich Ebert Stiftung | ||
| 942 |
_2dcc _cBKS |
||
| 999 |
_c7410 _d7410 |
||